| 000 | 00525nam a2200193 a 4500 | ||
|---|---|---|---|
| 005 | 20220805083745.0 | ||
| 008 | 991125a195 mx 000 0 spa u | ||
| 035 | _aUPN01000028811 | ||
| 049 | _aLT | ||
| 050 | 4 | _aPC4595 N8.3a | |
| 100 | 1 |
_aNúñez Mata, Efrén, _d1890-1974 _929438 |
|
| 245 | 1 | 0 |
_aHomónimos y sinónimos / _cEfrén Núñez Mata |
| 260 |
_aMéxico : _b[s. n.], _c195- |
||
| 300 |
_a86 p. : _bil. |
||
| 650 | 4 |
_aEspañol _xHomónimos _922113 |
|
| 650 | 4 | _aHOMONIMOS | |
| 904 |
_aAC _b028812 |
||
| 905 | _aLibro | ||
| 999 |
_c28811 _d28811 |
||